000 00489nam a22001697a 4500
003 OSt
008 260416b |||||||| |||| 00| 0 eng d
082 _a581.2326
_bJ46S
100 _aJha, Prachi
245 _aStudies on Brown Spot Disease of Boro Rice caused by Drechslera oryazae (Breda de Hann) Subhramanian and Jain
260 _aPusa, Samastipur
_bRAU, Samastipur
_c2005
300 _a50P.
502 _bMsc.
_d2005
650 _aPlant Pathology
650 _aMsc.
942 _2ddc
_cT
999 _c50050
_d50050